000 00402nam a2200181Ia 4500
001 647
005 20260306140533.0
008 260306t2007||||xx |||||||||||||| ||spa||
041 _aESP
082 _a128
_bW964
100 _aWojtyla, Karol
_eAUT
245 0 _aPersona y acción
260 _c2007
300 _a350 páginas :
_c20 cm.
650 _aGEN
654 _aCHU
942 _cLIB
_dJUS
_fJUS
_2ddc
_n
999 _c647
_d647